000
00292nam a22001337a 4500
008
180126b xxu||||| |||| 00| 0 eng d
020
_a
9780697164018
041
_a
eng
080
_a
51
100
_a
37
101
_a
MAT
245
_a
INTERMEDIATE ALGEBRA
_c
DENNIS.T.CH
942
_2
udc
_c
BK
999
_c
41043
_d
41043